Retratos
Saved in:
| Hovedforfatter: | |
|---|---|
| Format: | Bog |
| Sprog: | spansk |
| Udgivet: |
Santiago
DIBAM
1995
|
| Fag: | |
| Tags: |
Tilføj Tag
Ingen Tags, Vær først til at tagge denne postø!
|
MARC
| LEADER | 00000nam a2200000 a 4500 | ||
|---|---|---|---|
| 001 | UCP8425 | ||
| 003 | CL-VaPUC | ||
| 005 | 20241111112016.0 | ||
| 008 | 000303e19950000CL |||||||||||||||||spa|d | ||
| 999 | |c 285322 |d 285320 | ||
| 040 | |c Pontificia Universidad Católica de Valparaíso | ||
| 082 | 0 | 4 | |a Ch868 |b EHR |2 21 |
| 100 | 0 | |a Ehrmann, Hans |e author |9 438375 | |
| 245 | 1 | 0 | |a Retratos |
| 260 | |a Santiago |b DIBAM |c 1995 | ||
| 300 | |a 162 p | ||
| 583 | |a last modification |c 20000303 00:00:00 |k Rodrigo Vera | ||
| 600 | 0 | 7 | |a BARRIOS, EDUARDO |2 CL-VaPUC |9 320692 |
| 600 | 0 | 7 | |a ROJAS, MANUEL |2 CL-VaPUC |9 313776 |
| 600 | 0 | 7 | |a Maluenda Labarca, Rafael, |d 1885-1963 |9 862037 |
| 600 | 0 | 7 | |a VEGA, DANIEL DE LA |2 CL-VaPUC |9 390328 |
| 600 | 0 | |a Bombal, María Luisa, |d 1910-1980 |e autora |9 307961 | |
| 600 | 0 | 7 | |a EDWARDS BELLO, JOAQUIN |2 CL-VaPUC |9 344236 |
| 650 | 7 | |a LITERATOS CHILENOS |2 CL-VaPUC |9 309977 | |
| 650 | 0 | |a Biografías |9 255210 | |
| 942 | |c BK |2 ddc | ||
| 945 | |d 20000303 00:00:00 |a rbrito | ||
| 952 | |0 0 |1 0 |4 0 |6 CH_868_000000000000000_EHR_1995 |7 0 |8 A |9 329852 |a BIBHIS |b BIBHIS |d 2019-11-20 |i 3587495 |o Ch868 EHR 1995 |p 3587495 |r 2025-01-20 |w 2019-11-20 |y BK |k HIS | ||